00691nam a2200241 a 4500001001300000003000900013005001700022008004100039020000900080082001700089100002500106245001800131260004000149300000900189500003500198505002400233650002100257700002500278902000800303942000700311952011600318999001500434nice12345678IN_TiNIC20260116012428.0050524s1989 hyda grp 000 0 per  ac1500a297.42bQAD1 aQadri, A F S Mahmood aSirrul-Asraar aHyderabadbHussami Book Depotc1989 a120p aincludes index and biblioraphy2 aIndex, Illustration aSufism-Doctrines1 aQadri, A F S Mahmood bSRS cBK 001040708StackRoom-aHMIbHMId2007-07-03g15.00l0o297.42 QAD1p013622r2007-07-03v15.00w2005-05-24yBK c6986d6986